000
00236 a2200097 4500
001
42024
100
_a
Hussain, S S
245
_a
History of Pakistan Air Force 1947-1982
260
_a
Karachi
_b
PAF Masroor
_c
1982
090
_c
26065
_d
26065
942
_a
NUST-CAE
_c
M
_c
17853
999
_c
277097
_d
277097